000 00679nam a2200241Ia 4500
003 OSt
005 20220924131808.0
006 a|||||r|||| 00| 0
007 ta
008 220923b |||||||| |||| 00| 0 tel d
024 _a344580
037 _cTextual
040 _aARTS
_cARTS
_btel
041 _2tel
_atel
082 _aO35,3N221,1, K7
100 _aLingamurti Singaraju Au.
_9202884
245 0 _aChigurinchina Viluvalu
260 _aVijayawada
_bAnnapurna Publishers India
_c1962
300 _aRs.1.50
_ccm.
650 _aTELUGU LITERATURE
942 _hO35,3N221,1, K7
_cTEXL
_2CC
999 _c428210
_d428210